Datum a čas kvízu
35.5
Celkem bodů
Celkový počet nahraných bodů na tomto kvízu bez doplňovacích otázek.
8.
Pořadí na kvízu
Konečné umístění týmu na tomto kvízu.
Zaznamenané odpovědi
| # | Otázka | Odpověď | Body | Výsledky |
|---|---|---|---|---|
| 1. | Minulý týden se konala velmi k... | zadek | 0 | |
| 2. | Sarah Mullally stanula minulý... | o anglikánskou církev | 1 | |
| 3. | Minulý pátek vyšlo již 12. stu... | The Life of a Showgirl | 0 | |
| 4. | Od 1. října už není možné žáda... | Superdávka | 1 | |
| 5. | Česká republika má od minulého... | Linda Nosková | 1 | |
| 6. | Wikipedii s nejvyšší pravděpod... | z havajštiny | 1 | |
| 7. | Fanoušci kvízu občas jistě se... | A | 1 | |
| 8. | Dobrým zdrojem informací jsou... | Michal Suchánek, Richard Genzer | 0 | |
| 9. | Mnemotechnické pomůcky se hodí... | barvy duhy (pořadí) | 1 | |
| 10. | Někdy však k úspěchu v kvízu s... | 1D 2C 3A 4B | 1 |